Staviteľstvo V. : Návody na cvičenia z predmetu 1733

Gespeichert in:
Bibliographische Detailangaben
1. Verfasser: Bahna, Vladimír (Verfasst von)
Format: Buch
Veröffentlicht: Bratislava : STU v Bratislave, 2001
Tags: Tag hinzufügen
Keine Tags, Fügen Sie das erste Tag hinzu!

MARC

LEADER 00000nam a22000003a 4500
001 stu73026
005 20150617225559.2
008 011217s2001----------------------------d
040 |a STU  |b slo 
041 0
100 1 |a Bahna, Vladimír  |4 aut  |u A4140  |U FAD Fakulta architektúry  |T FA Ústav konštrukcií v architektúre a inžinierskych stavieb  |U A4140  |Y 395 
245 1 |a Staviteľstvo V. :  |b Návody na cvičenia z predmetu 1733 
260 |a Bratislava :  |b STU v Bratislave,  |c 2001 
300 |a nestr 
996 |b 284AB00724  |c A*974 B  |l AAKNST  |s P  |a 0  |w stu73026_0001